| 000 | 01050nam a22003257a 4500 | ||
|---|---|---|---|
| 003 | CHAP | ||
| 005 | 20220817044209.0 | ||
| 008 | 080128d2004 fr a r 00110 spa d | ||
| 010 | _a94387 | ||
| 011 | _a95359 | ||
| 020 | _a8428212740 | ||
| 035 | _a105982 | ||
| 040 | _cCHAP | ||
| 082 | 0 | 4 |
_a551.5 _bV24f |
| 100 | 1 |
_aVallée, Jean-Louis. _9117659 |
|
| 245 | 1 | 0 |
_aGuía técnica de meteorología _c/por Jean-Louis Vallée |
| 260 |
_aBarcelona : _bOmega, _c2006 |
||
| 300 |
_a221 p. : _bilus. ; maps. ; cuadros |
||
| 500 | _aTrad. del : Techniguide de le météo. 2004 | ||
| 590 |
_aBATCH-UPD _b10 _c20130110 _lUCH01 _h0351 |
||
| 590 |
_aBATCH-UPD _b10 _c20130410 _lUCH01 _h0024 |
||
| 590 |
_aBATCH-UPD _b10 _c20130410 _lUCH01 _h1554 |
||
| 590 |
_aBATCH-UPD _b10 _c20130914 _lUCH01 _h1815 |
||
| 590 |
_aCONVERSION _b10 _c20130109 _lUCH01 _h1352 |
||
| 650 | 1 | 4 | _aMeteorología. |
| 650 | 1 | 4 |
_aMeteorología _xEstudio y enseñanza. _975202 |
| 901 | _aBK | ||
| 942 | _cLIBRO | ||
| 949 |
_a551.5/V24f _bBC _cLIBRO _d33724002047611 _eLIBRO _h108981 _i105982 _si _t600 |
||
| 999 |
_c94387 _d94387 |
||